PRINCIPES POUR L'ACTION /

INDICE

Guardado en:
Detalles Bibliográficos
Autor principal: Lebret, Louis-Joseph (autor)
Formato: Libro
Edición:3a edición
Colección:SPIRITUALITE ; 1
Temas:
Etiquetas: Agrega una etiqueta
Sin etiquetas, Sé el primero en etiquetar este registro!

MARC

LEADER 00000nam^a2200000^a^4500
001 000237505
005 20250521000000.0
009 20260310104937.064
035 |a 060036 
037 |a Acervo Xavier Clavigero 
082 |a 248. LEB 
100 |a Lebret, Louis-Joseph  |e (autor) 
245 1 0 |a PRINCIPES POUR L'ACTION /  |c L.J. LEBRET 
250 |a 3a edición 
264 |a París, Francia :  |b Editions Ouvrières,  |c 1959 
300 |a 115 p. 
336 |a texto  |b txt  |2 rdacontenido 
337 |a sin mediación  |b n  |2 rdamedio 
338 |a volumen  |b nc  |2 rdasoporte 
440 |a SPIRITUALITE ;  |v 1 
520 |a INDICE 
649 |a XX 
650 |a Espiritualidad 
650 |a Vida Cristiana 
910 |a Fondo General 
920 |a Impresos - Libros 
930 |a Colección General 
905 |a 101 
901 |a 060036  |b IT1  |c ACC  |i 060036  |u 20250521 
902 |a https://opac.biblio.iteso.mx/vufind/Record/000237505